书目信息 |
| 题名: |
清华风物
|
|
| 作者: | ;清华大学附属小学 编著 | |
| 分册: | ||
| 出版信息: | 北京 清华大学出版社 2015 |
|
| 页数: | 225页 | |
| 开本: | 23cm | |
| 丛书名: | ||
| 单 册: | ||
| 中图分类: | G649.281 | |
| 科图分类: | ||
| 主题词: | ||
| 电子资源: | ||
| ISBN: | 978-7-302-41663-0 | |
| 000 | 00945nam0 2200241 450 | |
| 001 | 012001004049 | |
| 005 | 20131016100540.0 | |
| 010 | @a978-7-302-41663-0@dCNY50.00 | |
| 099 | @aCAL 012018103641 | |
| 100 | @a20160104d2015 cemy0chiy50 ea | |
| 101 | 0 | @achi |
| 102 | @aCN@b110000 | |
| 105 | @aac z 000yy | |
| 106 | @ar | |
| 200 | 1 | @a清华风物@Aqing hua feng wu@f清华大学附属小学编著 |
| 210 | @a北京@c清华大学出版社@d2015 | |
| 215 | @a225页@c图, 肖像@d23cm | |
| 330 | @a本书从孩子的视角,用儿童喜闻乐见的形式介绍了清华大学的著名景点,展现了风物背后所承载的文化与精神。内容分为“百年清华,一脉相承”、“自强不息,志存天下”、“名师荟萃,英才辈出”、“水木清华,钟灵毓秀”、“人文日新,基业长青”五个章节。 | |
| 601 | 02 | @a清华大学@Aqing hua da xue@x校史@j少年读物 |
| 690 | @aG649.281@v5 | |
| 711 | 02 | @a清华大学附属小学@Aqing hua da xue fu shu xiao xue@4编著 |
| 801 | 0 | @aCN@b江苏凤凰@c20191020 |
| 905 | @b1234637-40@dG649.281@e1476@f4 | |
| 清华风物/清华大学附属小学编著.-北京:清华大学出版社,2015 |
| 225页:图, 肖像;23cm |
| ISBN 978-7-302-41663-0:CNY50.00 |
| 本书从孩子的视角,用儿童喜闻乐见的形式介绍了清华大学的著名景点,展现了风物背后所承载的文化与精神。内容分为“百年清华,一脉相承”、“自强不息,志存天下”、“名师荟萃,英才辈出”、“水木清华,钟灵毓秀”、“人文日新,基业长青”五个章节。 |
| ● |
| 相关链接 |
|
|
|
|
正题名:清华风物
索取号:G649.281/1476
 
预约/预借
| 序号 | 登录号 | 条形码 | 馆藏地/架位号 | 状态 | 备注 |
| 1 | 1234637 | 212346371 | 第一样本阅览室/ [索取号:G649.281/1476] | 在馆 | |
| 2 | 1234638 | 212346380 | 第四借阅区/ [索取号:G649.281/1476] | 在馆 | |
| 3 | 1234639 | 212346399 | 第四借阅区/ [索取号:G649.281/1476] | 在馆 | |
| 4 | 1234640 | 212346406 | 教育系资料室/ [索取号:G649.281/1476] | 在馆 |